Proverbios morales y consejos christianos (Record no. 161790)
[ view plain ]
| 000 -LEADER | |
|---|---|
| campo de control de longitud fija | 01353nam a2200241 i 4500 |
| 001 - NÚMERO DE CONTROL | |
| campo de control | 161790 |
| 003 - IDENTIFICADOR DE NÚMERO DE CONTROL | |
| campo de control | ES-MaACL |
| 005 - FECHA Y HORA DE LA ÚLTIMA TRANSACCIÓN | |
| campo de control | 20250901063135.0 |
| 008 - DATOS DE LONGITUD FIJA--INFORMACIÓN GENERAL | |
| campo de control de longitud fija | 931025s1733 sp ax |||| | spa d |
| 040 ## - FUENTE DE CATALOGACIÓN | |
| Centro catalogador/agencia de origen | CAM |
| Lengua de catalogación | spa |
| Centro/agencia transcriptor | PAB |
| 100 1# - ENTRADA PRINCIPAL--NOMBRE DE PERSONA | |
| Nombre de persona | Pérez de Herrera, Cristóbal, |
| Fechas asociadas al nombre | ca. 1556-1620 |
| 9 (RLIN) | 131485 |
| 245 10 - MENCIÓN DEL TÍTULO | |
| Título | Proverbios morales y consejos christianos |
| Resto del título | : muy provechosos para concierto y espejo de vida ..., y enigmas philosoficas, naturales y morales, con sus comentos : adornadas con trece emblemas y sus estampas mui curiosas, apropiadas à sus assuntos / |
| Mención de responsabilidad, etc. | su autor el doctor Cristoval Perez de Herrera, medico de Camara de su Magestad. |
| 260 ## - PUBLICACIÓN, DISTRIBUCIÓN, ETC. | |
| Lugar de publicación, distribución, etc. | En Madrid : |
| Nombre del editor, distribuidor, etc. | por los Herederos de Francisco del Hierro : |
| -- | se hallarà en su casa ..., en la imprenta, |
| Fecha de publicación, distribución, etc. | [1733?] |
| 300 ## - DESCRIPCIÓN FÍSICA | |
| Extensión | [24], 360, [ 8] p. : |
| Otras características físicas | il. ; |
| Dimensiones | 4\pa\s. |
| 530 ## - NOTA DISPONIBLE DE FORMULARIO FÍSICO ADICIONAL | |
| Nota de formato físico adicional disponible | Disponible también en sitio web. |
| 596 ## - NOTA AL PIE DE IMPRENTA | |
| NOTA AL PIE DE IMPRENTA | Fecha de la tasa : 1733. |
| 597 ## - NOTA DE DESCRIPCIÓN FÍSICA | |
| NOTA DE DESCRIPCIÓN FÍSICA | Iniciales florentinas. |
| 599 ## - NOTA A LAS ILUSTRACIONES | |
| NOTA A LAS ILUSTRACIONES | Las il. son grabados xilográficos con orla a toda plana, intercalados en el texto. |
| 650 ## - PUNTO DE ACCESO ADICIONAL DE MATERIA--TÉRMINO DE MATERIA | |
| Término de materia o nombre geográfico como elemento de entrada | Moral cristiana- |
| Subdivisión de forma | Obras anteriores a 1800. |
| 9 (RLIN) | 144661 |
| 852 ## - LOCALIZACIÓN | |
| Ubicación | ES-MaACL |
| Número de control de estantería | R-3313 |
| Nota libre | -- Enc. pasta española |
| 856 ## - LOCALIZACIÓN Y ACCESO ELECTRÓNICOS | |
| Identificador Uniforme de Recursos | <a href="http://bibliotecadigitalhispanica.bne.es:80/webclient/DeliveryManager?pid=2704589&custom_att_2=simple_viewer">http://bibliotecadigitalhispanica.bne.es:80/webclient/DeliveryManager?pid=2704589&custom_att_2=simple_viewer</a> |
| Nota pública | Ir a la página |
| Estatus retirado | Estado de pérdida | Estado de daño | No para préstamo | Colección | Biblioteca de origen | Biblioteca actual | Ubicación en estantería | Fecha de adquisición | Total de préstamos | Signatura topográfica completa | Código de barras | Visto por última vez | Precio de reemplazo | Tipo de ítem Koha |
|---|---|---|---|---|---|---|---|---|---|---|---|---|---|---|
| Colección digital | Biblioteca del Ateneo de Madrid | Biblioteca del Ateneo de Madrid | Depósito | 17/01/2008 | R-3313 | 1169476 | 23/02/2023 | 23/02/2023 | Libro impreso antiguo |
